| 000 | 00897cam a2200229 4500 | ||
|---|---|---|---|
| 001 | J122428 | ||
| 008 | 030528n2003 000 0 eng u | ||
| 035 | _a(Sirsi) u122428 | ||
| 041 | _aeng. | ||
| 050 |
_a306.2 _c18 |
||
| 110 |
_aUnited Kingdom _bOffice of the Deputy Prime Minister |
||
| 245 | _aEmpty homes: temporary management, lasting solutions - a consultation paper | ||
| 260 |
_aLondon _bODPM _c2003 |
||
| 520 | _aProposes to give councils the power to take over empty private homes, refurbish them and lease them to homeless or key workers before returning them to their owners. Responses to the consultation should be submitted by 22 August 2003. | ||
| 650 | _aEMPTY HOMES | ||
| 650 | _aCOUNCILS | ||
| 650 | _aSOCIAL HOUSING | ||
| 650 | _aHUMAN RIGHTS ACT 1998 | ||
| 690 | _aHOUSING | ||
| 856 | _uhttps://www.communities.gov.uk/embedded_object.asp?id=1153475 | ||
| 942 | _n0 | ||
| 999 |
_c102838 _d102838 |
||